000 03591cam a2200433 i 4500
003 BJBSDDR
005 20250805120558.0
007 ta
008 150528s2016 enk b 001 0 eng c
020 _a9781405156257
020 _a1405156252
020 _a9781119130703
020 _a1119130700
040 _aWaSeSS/DLC
_beng
_cWaSeSS
041 _aeng
043 _an-us---
050 1 4 _aQ 127
_bC737 2016
082 0 0 _a509.73
245 0 2 _aA companion to the history of American science /
_cedited by Georgina M. Montgomery and Mark A. Largent.
264 1 _aHoboken, New Jersey ;
_aMalden, MA :
_bWiley Blackwell,
_c2016.
300 _axvii, 692 pages ;
_c25 cm.
336 _atext
_2rdacontent
337 _aunmediated
_2rdamedia
338 _avolume
_2rdacarrier
490 1 _aWiley Blackwell companions to American history
504 _aIncludes bibliographical references (pages [566]-665) and index.
505 0 _aAgricultural sciences / Samantha Noll -- Anthropology / Adrian Young -- Astronomy and astrophysics / Peter J. Susalla -- Chemistry / Ann E. Robinson -- Computer science / Stephanie Dick -- Conservation biology / Christian C. Young -- Economics / Ross B. Emmett -- Experimental psychology / Jim Wynter Porter -- Genetics / Melinda Gormley -- Geophysics / Matthew Shindell -- Marine biology / Samantha Muka -- Medical genetics / Andrew J. Hogan -- Metrology and atmospheric science / James Bergman -- Molecular and cellular biology / Lijing Jiang -- Nuclear, high energy, and solid state physics / Joseph D. Martin -- Nutrition / Jessica Mudry -- Paleoanthropology / Matthew R. Goodrum -- Paleontology / Paul D. Brinkman -- Ecology / Gina Rumore -- Sociobiology and evolutionary psychology / Abraham H. Gibson and Michael Ruse -- Sociology / Sebastián Gil-Riaño -- Space and planetary sciences / Erik M. Conway -- Biotechnology / Nathan Crowe -- Darwinism / Adam M. Goldstein -- Science education / Adam R. Shapiro -- Environmental science / Daniel Zizzamia -- The american eugenics movement / Christine Neejer -- Evolution and creation debates / Arthur Ward -- Field and laboratory / Jeremy Vetter -- Gender and science / Donald L. Opitz -- The germ theory / Jacob Steere-Williams -- Instruments / Sara J. Schechner -- Science and literature / Stephan Rachman -- Museums / Amy Kohout -- Natural history / Pamela M. Henson -- Nature study / Sally Gregory Kohlstedt -- Science and policy / Kevin C. Elliot -- Popularizing science / Constance Areson Clark -- Science and postcolonialism / Banu Subramanian -- Racial science / Robert Bernasconi -- Relativity in america, daniel kennefick -- Science and religion / Mark A. Waddell -- Sex and science / Miriam G. Ruemann -- Zoos and aquariums / Christian C. Young.
520 _aA Companion to the History of American Science offers a collection of essays that give an authoritative overview of the most recent scholarship on the history of American science.
650 0 _aCiencia
_xFilosofía
_zUnited States
_997
650 0 _aCiencia
_xFilosofía
_997
700 1 _aMontgomery, Georgina M.
_eeditor
_931229
700 1 _aLargent, Mark A.
_eeditor
_931232
776 0 8 _iOnline version:
_tCompanion to the history of American science
_dChichester, UK : John Wiley & Sons, 2015
_z9781119072225
_w(DLC) 2015022886
830 0 _aWiley-Blackwell companions to American history
_932560
906 _a7
_bcbc
_corignew
_d1
_eecip
_f20
_gy-gencatlg
942 _2lcc
_cBK
946 _isba
999 _c119892
_d119892